000 01410cam a2200349 a 4500
001 15134459
003 OSt
005 20150408114019.0
008 080110s2008 ctua b 001 0 eng
010 _a 2008000237
015 _aGBA817542
_2bnb
016 7 _a014519233
_2Uk
020 _a9780275994945 (alk. paper)
020 _a0275994945 (alk. paper)
035 _a(OCoLC)ocn190786088
035 _a(OCoLC)190786088
_z(OCoLC)173240043
040 _aDLC
_cDLC
_dBAKER
_dUKM
_dLMR
_dYDXCP
_dBTCTA
_dC#P
_dBWX
_dDLC
050 0 0 _aRA781
_b.U53 2008
082 0 0 _a613.71
_222
245 0 0 _aUnderstanding fitness :
_bhow exercise fuels health and fights disease /
_cedited by Julie K. Silver and Christopher Morin.
260 _aWestport, Conn. :
_bPraeger,
_c2008.
300 _aviii, 223 p. :
_bill. ;
_c25 cm.
440 4 _aThe Praeger series on contemporary health and living,
_x1932-8079
_911200
504 _aIncludes bibliographical references and index.
650 0 _aPhysical fitness.
_910672
650 0 _aExercise
_xHealth aspects.
_911222
700 1 _aSilver, J. K.
_q(Julie K.),
_d1965-
_911223
700 1 _aMorin, Christopher,
_d1964-
_911224
856 4 1 _3Table of contents only
_uhttp://www.loc.gov/catdir/toc/ecip088/2008000237.html
942 _2ddc
_cBOOK
999 _c21908
_d256408